| 000 | 00536nam a22001817a 4500 | ||
|---|---|---|---|
| 999 |
_c171689 _d171689 |
||
| 005 | 20200117141947.0 | ||
| 010 | _aA-485773 | ||
| 020 | _c20.00 | ||
| 035 | _aA-485773 | ||
| 037 | _bBPPD/Pub. | ||
| 082 | _a840.8 | ||
| 100 | _aداود اشرف | ||
| 245 |
_aبیرونی مشاہیر ادب اور حیدرآباد / _cداود اشرف |
||
| 246 |
_aBironi Mushahir Adab Aur Hyderabad (Urdu) / _bby Dawood Ashraf |
||
| 260 |
_a- _b- _c1990 ء |
||
| 300 |
_a159p. _c23cm(Hb) |
||
| 942 |
_2ddc _cUR _h840.8 _mد ا و |
||